Handbuch des Völkerrechts auf Grundlage europäischer Staatspraxis... / (Record no. 155528)

MARC details
000 -LEADER
campo de control de longitud fija 01009nam a22001815i 4500
001 - NÚMERO DE CONTROL
campo de control 155528
003 - IDENTIFICADOR DE NÚMERO DE CONTROL
campo de control ES-MaACL
005 - FECHA Y HORA DE LA ÚLTIMA TRANSACCIÓN
campo de control 20230906210119.0
008 - DATOS DE LONGITUD FIJA--INFORMACIÓN GENERAL
campo de control de longitud fija 040722m18851890gw |||| | ger d
040 ## - FUENTE DE CATALOGACIÓN
Centro catalogador/agencia de origen CAM
Lengua de catalogación spa
Centro/agencia transcriptor CAM
100 1# - ENTRADA PRINCIPAL--NOMBRE DE PERSONA
Nombre de persona Holtzendorff, Franz von.
9 (RLIN) 128016
245 10 - MENCIÓN DEL TÍTULO
Título Handbuch des Völkerrechts auf Grundlage europäischer Staatspraxis... /
Mención de responsabilidad, etc. herausgegeben von Franz von Holtzendorff.
260 ## - PUBLICACIÓN, DISTRIBUCIÓN, ETC.
Lugar de publicación, distribución, etc. Berlin :
Nombre del editor, distribuidor, etc. verlag von Carl Habel ;
Lugar de publicación, distribución, etc. Hamburg :
Nombre del editor, distribuidor, etc. J.F. Richter,
Fecha de publicación, distribución, etc. 1885-1890.
300 ## - DESCRIPCIÓN FÍSICA
Extensión 5 v. ;
Dimensiones 23 cm.
505 8# - NOTA DE CONTENIDO CON FORMATO
Nota de contenido con formato Contiene : T. I. Einleitung in das Völkerrecht, 1885 (XX, 524 p.) -- T. II. Die Völkerrechtliche Verfassung und Grundornung der auswärtigen Staatsbeziehungen, 1887 (XII, 672 p.) -- T. III. Die Staatsverträge und internationalem Magistrature, 1887 (XV, 797 p.) -- T. IV. Die Staatsstreitigkeiten und ihre Entscheidung, 1889 (XIII, 854 p.) -- T. V. Registerbändchen, 1890 (136 p.)
594 ## - Nota al título y mención de responsabilidad
Nota al título y mención de responsabilidad Letra gótica.
852 ## - LOCALIZACIÓN
Ubicación ES-MaACL
Número de control de estantería G-557-561
Nota libre -- Enc. pasta española
Holdings
Estatus retirado Estado de pérdida Estado de daño No para préstamo Colección Biblioteca de origen Biblioteca actual Ubicación en estantería Fecha de adquisición Fuente de adquisición Total de préstamos Signatura topográfica completa Código de barras Visto por última vez Precio de reemplazo Tipo de ítem Koha
        Libros del s. XIX Biblioteca del Ateneo de Madrid Biblioteca del Ateneo de Madrid Depósito 2 17/01/2008     G-557-561 1162686 23/02/2023 23/02/2023 Libro impreso antiguo